00351nam a22001217a 4500003000400000082001600004100002000020245012200040260003500162300000800197650001600205653000800221SGT a617.3bE24S aSINGH, VENKAT  aEFFECTS OF BFRT ON PAIN, PROPRIOCEPTION, ACTIVATION OF VMO AND PATELLAR MOBILITY IN PATIENTS WITH PATELLAR TENDONITIS aGURUGRAMbSGT UNIVERSITYc2024 a136 aORTHOPEDICS aMPT